[Event "FINAL DE CHILE 2011"]
[Site "Club de Ajedrez "]
[Date "2011-02-22"]
[Round "6"]
[White "Vargas Maliqueo, Ivan Patricio"]
[Black "Mesias Rojas, Rabindranath"]
[Result "1-0"]
[WhiteElo "2164"]
[BlackElo "2237"]

 1.Nf3 Nf6 2.d4 c5 3.d5 d6 4.Nc3 e5 5.e4 Be7 6.Bb5+ Bd7 7.a4 O-O 8.O-O Bg4 9.h3 Bh5 10.Qd3 a6 11.Bc4 Bg6 12.Rd1 Nbd7 13.Qe2 Nh5 14.g3 Nb6 15.Ba2 f5 16.Nxe5 dxe5 17.d6+ Kh8 18.dxe7 Qxe7 19.a5 f4 20.axb6 fxg3 21.fxg3 Nxg3 22.Qg4 Bh5 23.Bg5 Qe8 24.Qxg3 Bxd1 25.Rxd1 h6 26.Be3 Rf6 27.Kh2 Rg6 28.Qh4 Qf8 29.Bxc5 Qe8 30.Rf1 Qd7 31.Bd5 Rc8 32.Rf7

[Event "FINAL DE CHILE 2011"]
[Site "Club de Ajedrez "]
[Date "2011-02-22"]
[Round "6"]
[White "Torres Bravo, Cristobal Renato"]
[Black "López Silva, Hugo Andres"]
[Result "0-1"]
[WhiteElo "2250"]
[BlackElo "2398"]

 1.d4 Nf6 2.c4 c5 3.d5 e6 4.Nc3 exd5 5.cxd5 d6 6.e4 g6 7.h3 Bg7 8.Nf3 O-O 9.Bd3 a6 10.a4 Nbd7 11.O-O Nh5 12.Ra3 Re8 13.Bd2 Qc7 14.Qc2 Rb8 15.b3 Ne5 16.Nxe5 Bxe5 17.f4 Bg7 18.Kh2 b6 19.Raa1 Qd7 20.Rae1 b5 21.axb5 axb5 22.Be2 Nf6 23.Bf3 b4 24.Nd1 Ba6 25.Ne3 Bxf1 26.Nxf1 Re7 27.Ne3 Rbe8 28.Nc4 Nxd5 29.Rd1 Nf6 30.e5 dxe5 31.Bxb4 Qa7 32.Ba5 Rb8 33.Bc3 exf4 34.Na5 Re3 35.Nc6 Qb6 36.Bxf6 Bxf6 37.Nxb8 Qxb8 38.Qxc5 Qxb3 39.Qd6 Rxf3 40.gxf3 Qxf3 41.Qd3 Qf2+ 42.Kh1 Qe3 43.Rd2 Kg7 44.Kg2 Bc3 45.Rd1 h5 46.Qxe3 fxe3 47.Kf3 Bd2 48.Rb1 g5 49.Rb8 g4+ 50.hxg4 hxg4+ 51.Ke2 f5 52.Rb6 f4 53.Rc6 f3+ 54.Kd3 g3 55.Rc4 g2 56.Rg4+ Kh6

[Event "FINAL DE CHILE 2011"]
[Site "Club de Ajedrez "]
[Date "2011-02-22"]
[Round "6"]
[White "Valdés Escobar, Álvaro Daniel"]
[Black "Egger Mancilla, Jorge Alejandro"]
[Result "1-0"]
[WhiteElo "2387"]
[BlackElo "2449"]

 1.Nf3 Nf6 2.c4 g6 3.g3 Bg7 4.Bg2 O-O 5.d4 d6 6.O-O Nbd7 7.Nc3 e5 8.e4 a6 9.Re1 exd4 10.Nxd4 Ng4 11.h3 Qf6 12.Nf3 Nge5 13.Nd5 Qd8 14.Nxe5 Nxe5 15.Qc2 f5 16.f4 Nc6 17.Kh2 Nd4 18.Qf2 c6 19.Nc3 fxe4 20.Nxe4 Be6 21.Be3 Nf5 22.Bb6 Qd7 23.Rad1 Bxc4 24.g4 Nh6 25.Rxd6 Nxg4+ 26.hxg4 Qxg4 27.Bd4 Bxd4 28.Rxd4 Bxa2 29.Nc3 Be6 30.Re5 Bf5 31.Qe3 Rad8 32.Rxd8 Qh4+ 33.Kg1 Rxd8 34.Re7 Rd7 35.Rxd7 Bxd7 36.Ne4 Qe7 37.Qd4 Bf5 38.Ng3 Bc8 39.Bf1 h5 40.Bc4+ Kh7 41.Ne4

[Event "FINAL DE CHILE 2011"]
[Site "Club de Ajedrez "]
[Date "2011-02-23"]
[Round "7"]
[White "López Silva, Hugo Andres"]
[Black "Valdés Escobar, Álvaro Daniel"]
[Result "0-1"]
[WhiteElo "2398"]
[BlackElo "2387"]

 1.e4 c5 2.Nf3 d6 3.d4 cxd4 4.Nxd4 Nf6 5.Nc3 a6 6.Be3 e6 7.f3 b5 8.Qd2 Nbd7 9.g4 h6 10.O-O-O Bb7 11.h4 b4 12.Nce2 d5 13.Bh3 dxe4 14.g5 hxg5 15.hxg5 exf3 16.Nf4 Ne4 17.Qe1 Rxh3 18.Nxh3 e5 19.Nxf3 Qa5 20.g6 f6 21.a3 Qa4 22.Kb1 Rc8 23.Rh2 Nc3+ 24.Ka1 Nxd1 25.Qxd1 bxa3 26.b3 Qc6

[Event "FINAL DE CHILE 2011"]
[Site "Club de Ajedrez "]
[Date "2011-02-23"]
[Round "7"]
[White "Mesias Rojas, Rabindranath"]
[Black "Torres Bravo, Cristobal Renato"]
[Result "1-0"]
[WhiteElo "2237"]
[BlackElo "2250"]

 1.d4 c5 2.dxc5 e6 3.Nc3 Bxc5 4.Ne4 d5 5.Nxc5 Qa5+ 6.c3 Qxc5 7.e4 Ne7 8.Be3 Qc7 9.Bd3 Nbc6 10.Nf3 Bd7 11.Qe2 h6 12.h3 Ne5 13.Nxe5 Qxe5 14.Bd4 Qg5 15.h4 Qg6 16.exd5 Nf5 17.dxe6 Bxe6 18.Bc5 O-O-O 19.O-O-O Qxg2 20.Be4 Ng3 21.Bxg2 Nxe2+ 22.Kb1 Nf4 23.Be4 f5 24.Bc2 b6 25.Bd6 Nh5 26.Rhe1 Bd7 27.Bd3 Kb7 28.Be2 Nf6 29.Be7 Kc7 30.Bxd8+ Rxd8 31.Rg1 Re8 32.Bc4 b5 33.Rxd7+ Nxd7 34.Bxb5 Re7 35.Bxd7 Kxd7 36.Rg6 Ke8 37.b4 Kf7 38.Ra6 g5 39.Rxh6 Re1+ 40.Kc2 g4 41.Kd3 f4 42.Kd2 Re4 43.Rh5 f3 44.Rg5 Kf6 45.a4 Re2+ 46.Kd3 Rxf2 47.Rxg4 Kf5 48.Ke3 Rh2 49.Rf4+ Ke5 50.Rxf3 Rxh4 51.Rg3 Kd5 52.a5 Rh1 53.Kd3 Rh4 54.Rg5+ Kd6 55.Rg7 Kd5 56.Rxa7 Rh3+ 57.Kc2 Kc4 58.Rc7+ Kb5 59.Kb3 Rh1 60.Rc5+ Ka6 61.Rc6+ Kb7 62.Rb6+ Kc7 63.c4 Rh4 64.c5 Rh1 65.Ka4 Ra1+ 66.Kb5 Ra3 67.Rh6 Rg3 68.Rh7+ Kb8 69.Kb6 Rg8 70.c6 Kc8 71.Ra7 Kb8 72.c7+ Kc8 73.Ra8+

[Event "FINAL DE CHILE 2011"]
[Site "Club de Ajedrez "]
[Date "2011-02-23"]
[Round "7"]
[White "García Cardenas, Pablo"]
[Black "Vargas Maliqueo, Ivan Patricio"]
[Result "1-0"]
[WhiteElo "2316"]
[BlackElo "2164"]

 1.e4 c5 2.Nf3 e6 3.d4 cxd4 4.Nxd4 a6 5.Nc3 Qc7 6.Be2 Nc6 7.O-O Nf6 8.Be3 Be7 9.f4 d6 10.Kh1 O-O 11.a4 Bd7 12.Nb3 b6 13.g4 Bc8 14.g5 Nd7 15.f5 Nce5 16.Nd4 Nc4 17.Bc1 Nde5 18.f6 Bd8 19.Qe1 Bb7 20.b3 Qc5 21.Qf2 Qb4 22.Na2 Bxe4+ 23.Kg1 Qc5 24.bxc4 gxf6 25.gxf6 Bxf6 26.Be3 Nxc4 27.Bxc4 Bxd4 28.Bxd4 Qxc4 29.Bf6 Ra7 30.Qf4 Qc5+ 31.Rf2 Qh5 32.Qxd6 Qg4+ 33.Qg3 Qxg3+ 34.hxg3 Rd7 35.Nc3 Bf5 36.Rb1 Rb8 37.Nd1 b5 38.Ne3 Be4 39.Rb4 Bg6 40.Ng4 Rd1+ 41.Kh2 Rc8 42.axb5 axb5 43.c3 Rc5 44.Ra2 Rc8 45.Rxb5 Be4 46.Nf2 Rd5 47.c4 Rxb5 48.cxb5 Bd5 49.Rb2

[Event "FINAL DE CHILE 2011"]
[Site "Club de Ajedrez "]
[Date "2011-02-23"]
[Round "7"]
[White "Salinas Herrera, Pablo Patricio"]
[Black "Carrasco Miranda, Andres"]
[Result "1-0"]
[WhiteElo "2263"]
[BlackElo "2221"]

 1.e4 c5 2.Nf3 Nc6 3.d4 cxd4 4.Nxd4 e5 5.Nb5 d6 6.c4 Be7 7.b3 f5 8.exf5 Bxf5 9.Bd3 Be6 10.O-O Nf6 11.Ba3 a6 12.N5c3 O-O 13.Nd2 b5 14.Nce4 Nd4 15.Bb2 Qb6 16.Bxd4 Qxd4 17.Nf3 Qb6 18.Nfg5 Nxe4 19.Nxe6 Nxf2 20.c5 dxc5 21.Bxh7+ Kxh7 22.Nxf8+ Rxf8 23.Qc2+ e4 24.Rxf2 c4 25.Kf1 Qd4 26.Re1 Bc5 27.Rxf8 Qg1+ 28.Ke2 Qxg2+ 29.Kd1 Qxc2+ 30.Kxc2 cxb3+ 31.Kxb3 Bxf8 32.Rxe4 a5 33.a3 Bd6 34.Ka2 Kg8 35.h3 Kf7 36.Re2 Kf6 37.Rb2 b4 38.a4 Be5 39.Rg2 Ke6 40.Kb3 Kd5 41.Rg4 Bf6 42.Rc4 Bd4 43.Rc8 Be5 44.Rd8+ Kc5 45.Rd7 Kc6 46.Re7 Bf6 47.Ra7 Kb6 48.Ra8 Bc3 49.Kc4 Be5 50.Re8 Bf6 51.Re6+ Kb7 52.Rd6 Ka7 53.Rd5 Kb6 54.Rb5+ Ka6 55.Kd5 Bc3 56.Kc6 Bd4 57.h4 Bc3 58.h5 Bd4 59.Rd5 Bc3 60.Rd8 Ka7 61.Rd3 Ka6 62.Kc5 Be5 63.Re3 Bc3 64.Re6+ Ka7 65.Kc4 Kb7 66.Rg6 Ka7 67.Rg3 Kb6 68.Re3 Kc6 69.Re6+ Kb7 70.Rd6 Ka7 71.Rc6 Kb7 72.Kb5 Ka7 73.Kxa5 Kb7 74.Rb6+ Kc7 75.Ka6 Kc8 76.Rb7

[Event "FINAL DE CHILE 2011"]
[Site "Club de Ajedrez "]
[Date "2011-02-23"]
[Round "7"]
[White "San Martín Basualto, Epiro"]
[Black "Valenzuela Gómez, Fernando"]
[Result "1-0"]
[WhiteElo "2106"]
[BlackElo "2086"]

 1.d4 g6 2.c4 Bg7 3.Nf3 d6 4.Nc3 Bg4 5.Bg5 Bxf3 6.gxf3 h6 7.Bh4 Nc6 8.e3 Nf6 9.f4 e6 10.Bg2 O-O 11.Qe2 Rb8 12.O-O Ne7 13.e4 Nh5 14.Qd2 f5 15.Rfe1 Qd7 16.d5 e5 17.fxe5 dxe5 18.exf5 gxf5 19.Bxe7 Qxe7 20.Rad1 Rbd8 21.Nb5 Qf7 22.Re3 c5 23.d6 e4 24.Rh3 Nf6 25.b4 Qxc4 26.Nc7 Ng4 27.bxc5 b6 28.cxb6 axb6 29.Bf1 Qf7 30.Qd5 Qxd5 31.Rxd5 Rf6 32.d7 Rg6 33.Rg3 Be5 34.Bc4 Bxc7 35.Rc5+ Kf8 36.Rxc7 Rd6 37.Bb5 h5 38.Rc8 Ke7 39.Rgc3 R8xd7 40.Bxd7 Kxd7 41.R3c7+ Ke6 42.Rc6 Ne5 43.Rxd6+ Kxd6 44.Rf8 Ke6 45.Rh8 Ng4 46.Rxh5 Ke5 47.Rh8 Kf4 48.h3 Ne5 49.h4 Kf3 50.Rg8 f4 51.h5 e3 52.fxe3 fxe3 53.Re8 Ng4 54.Kf1 b5 55.Rg8

[Event "FINAL DE CHILE 2011"]
[Site "Club de Ajedrez "]
[Date "2011-02-24"]
[Round "8"]
[White "Carrasco Miranda, Andres"]
[Black "San Martín Basualto, Epiro"]
[Result "1-0"]
[WhiteElo "2221"]
[BlackElo "2106"]

 1.Nf3 Nf6 2.c4 d6 3.g3 e5 4.Nc3 Be7 5.Bg2 O-O 6.O-O Re8 7.d3 c6 8.Rb1 a6 9.b4 b5 10.a4 bxc4 11.dxc4 Bf5 12.Rb2 Ra7 13.Be3 Rd7 14.a5 Qc8 15.Na4 Bd8 16.Qc1 h6 17.Rd1 d5 18.cxd5 Rxd5 19.Nd2 e4 20.Nc4 Bc7 21.Bd4 Nbd7 22.Ne3 Ne5 23.Nxd5 Nxd5 24.Nc5 h5 25.Nxe4 h4 26.Ng5 hxg3 27.hxg3 f6 28.Nf3 Be4 29.Nxe5 Bxg2 30.Kxg2 Bxe5 31.Bxe5 fxe5 32.Qg5 Qb7 33.Qg6 Nf6 34.Rd6 Rf8 35.Kg1 c5 36.Rb6 Qd5 37.Qd3 Qf7 38.bxc5 Nd5 39.Qf3 Qxf3 40.exf3 Rxf3 41.Rc2 e4 42.c6 Rf8 43.c7 e3 44.fxe3 Ne7 45.Rb8

[Event "FINAL DE CHILE 2011"]
[Site "Club de Ajedrez "]
[Date "2011-02-24"]
[Round "8"]
[White "Torres Bravo, Cristobal Renato"]
[Black "García Cardenas, Pablo"]
[Result "1-0"]
[WhiteElo "2250"]
[BlackElo "2316"]

 1.d4 d5 2.Nf3 Nf6 3.g3 Bf5 4.Bg2 e6 5.O-O c6 6.c4 Nbd7 7.Nc3 h6 8.c5 b6 9.b4 a5 10.b5 Qc8 11.Qa4 cxb5 12.Nxb5 Be7 13.Ba3 O-O 14.c6 Bxa3 15.Nxa3 Nb8 16.Rfc1 Na6 17.Nb5 Nc7 18.Nd6 Qa6 19.Nxf5 exf5 20.Qc2 g6 21.Ne5 Rfd8 22.a4 b5 23.axb5 Qxb5 24.Bf1 Qb4 25.Ra4 Qd6 26.Rca1 Ne4 27.e3 Rab8 28.Rxa5 Rb6 29.Rb1 Rdb8 30.Rxb6 Rxb6 31.Ra7 Rb8 32.f3 Ng5 33.h4 Nge6 34.h5 Kg7 35.hxg6 fxg6 36.g4 Rf8 37.f4 Qb4 38.gxf5 Rxf5 39.Qg2 g5 40.Qxd5 Qe1 41.Rxc7+ Nxc7 42.Qd7+ Kg8 43.Qxf5 Qxe3+ 44.Kh1

[Event "FINAL DE CHILE 2011"]
[Site "Club de Ajedrez "]
[Date "2011-02-24"]
[Round "8"]
[White "Valdés Escobar, Álvaro Daniel"]
[Black "Mesias Rojas, Rabindranath"]
[Result "1-0"]
[WhiteElo "2387"]
[BlackElo "2237"]

 1.c4 Nf6 2.Nf3 c5 3.Nc3 d5 4.cxd5 Nxd5 5.d4 Nxc3 6.bxc3 cxd4 7.cxd4 e5 8.e3 exd4 9.Nxd4 Bb4+ 10.Bd2 Bxd2+ 11.Qxd2 O-O 12.Be2 Nc6 13.Nxc6 bxc6 14.Qc3 Be6 15.O-O Bd5 16.Bd3 Re8 17.Rfe1 Qh4 18.e4 Be6 19.Qxc6 Rac8 20.Qa6 Rc7 21.a4 Rd8 22.Qa5 Qe7 23.Bf1 Rc5 24.Qb4 a5 25.Qb2 Bc4 26.Bxc4 Rxc4 27.Qb6 Qc7 28.Qxc7 Rxc7 29.f3 Rc4 30.Rec1 Rdc8 31.Rcb1 Kf8 32.Rb5 R8c5 33.Kf2 Ke7 34.Ke3 Rxb5 35.axb5 a4 36.Kd3 Rb4 37.Kc3 Rxb5 38.Rxa4 Rb1 39.Ra2 Rd1 40.Rd2 Ra1 41.Kd4 Ra3 42.Ke5 f6+ 43.Kf5 Ra5+ 44.Kf4 Ra7 45.h4 g6 46.g4 Kf7 47.g5 fxg5+ 48.hxg5 Ke6 49.Rb2 Rf7+ 50.Ke3 Ra7 51.Rb6+ Kf7 52.Kf4 Kg7 53.Rb5 h6 54.gxh6+ Kxh6 55.Ke5 Kg7 56.Rb6 Re7+ 57.Kd6 Rf7 58.Rb3 Rf6+ 59.Ke5 Ra6 60.Rb7+ Kf8 61.Rd7 Ra3 62.f4 Ra5+ 63.Kf6 Ra6+ 64.Kg5 Ra4 65.e5 Ra6 66.Rd6 Ra1 67.Kxg6

[Event "FINAL DE CHILE 2011"]
[Site "Club de Ajedrez "]
[Date "2011-02-24"]
[Round "8"]
[White "Egger Mancilla, Jorge Alejandro"]
[Black "López Silva, Hugo Andres"]
[Result "1/2-1/2"]
[WhiteElo "2449"]
[BlackElo "2398"]

 1.e4 e5 2.Nf3 Nc6 3.Bb5 Nf6 4.O-O Nxe4 5.d4 Nd6 6.Bxc6 dxc6 7.dxe5 Nf5 8.Qxd8+ Kxd8 9.Nc3 a5 10.Bg5+ Ke8 11.Rad1 Be6 12.g4 Ne7 13.h3 h6 14.Bxe7 Bxe7 15.Nd4 Bc8 16.Ne4 h5 17.f3 a4 18.Rfe1 Kf8 19.c4 Ra5 20.Ng3 hxg4 21.hxg4 g6 22.Kg2 Kg7 23.e6 Rd8 24.exf7 Kxf7 25.Ne4 Re5 26.Kg3 Re8 27.Rh1 Kg7 28.Kf4 g5+ 29.Kg3 Rd8 30.b3 axb3 31.axb3 Kg6 32.Nc2 Rf8 33.Nd4 Rf4 34.Ne2 Rexe4 35.fxe4 Rxe4 36.Kf3 Rxe2 37.Kxe2 Bxg4+ 38.Ke3 Bxd1 39.Rxd1 Bd6 40.Ke4 c5 41.Rg1 b6 42.Rg2 Kh5 43.Kf5 Bf4 44.Rg4 Bd2 45.Rg2 Bf4 46.Rg4 Kh6 47.Rg1 Kg7 48.Rh1 Be3 49.Re1 Bf4 50.Re7+ Kf8 51.Rd7 Ke8 52.Ke6 Kf8 53.Kf6 Ke8 54.Rd1 Bd6 55.Kxg5 Kd7 56.Kf6 Kc6 57.Ra1 Bh2 58.Ke6 Kb7 59.Kd7 Be5 60.Rd1 Bg3 61.Rg1 Bh2 62.Rb1 Bd6 63.Rh1 Be5 64.Ke6 Bd6 65.Kd5 Bg3 66.Rg1 Bf4 67.Rg6 Bh2 68.Rg2 Bf4 69.Rb2 Bd6 70.Rb1 Bf8 71.Rf1 Bd6 72.Rf7 Bg3 73.Rh7 Bf4 74.Ke4 Bg3 75.Kd3 Bf4 76.Kc2 Be5 77.Kb1 Bd6 78.Ka2 Be5 79.Ka3 Bc3 80.Rh3 Bd2 81.Ka4 Ba5 82.Kb5 c6+ 83.Ka4 Bb4 84.Rh6 Kc7 85.Rh7+ Kb8 86.Rf7 Kc8 87.Ra7 Kb8 88.Ra6 Kb7 89.Rxb6+ Kxb6

[Event "FINAL DE CHILE 2011"]
[Site "Club de Ajedrez "]
[Date "2011-02-25"]
[Round "9"]
[White "Mesias Rojas, Rabindranath"]
[Black "Egger Mancilla, Jorge Alejandro"]
[Result "0-1"]
[WhiteElo "2237"]
[BlackElo "2449"]

 1.d4 Nf6 2.Nc3 g6 3.e4 d6 4.Be2 Bg7 5.h4 h5 6.Bg5 c6 7.Qd2 b5 8.a3 Nbd7 9.f3 Bb7 10.Nh3 Qc7 11.Nf2 a6 12.Be3 e5 13.dxe5 Nxe5 14.Rd1 O-O-O 15.Bg5 Rd7 16.O-O Re8 17.a4 b4 18.Na2 c5 19.b3 d5 20.Bxf6 Bxf6 21.Qf4 Re6 22.exd5 Bxd5 23.Kh1 Be7 24.Ne4 f5 25.Nf2 Nf7 26.Qxc7+ Kxc7 27.Rxd5 Rxe2 28.Rxd7+ Kxd7 29.Nc1 Rxc2 30.g3 Ne5 31.Nfd3 Bd6 32.Nxe5+ Bxe5 33.f4 Bd4 34.Nd3 Rd2 35.Rf3 Kd6 36.Ne5 Bxe5 37.fxe5+ Kxe5 38.Re3+ Kf6 39.Re8 c4

[Event "FINAL DE CHILE 2011"]
[Site "Club de Ajedrez "]
[Date "2011-02-25"]
[Round "9"]
[White "Salinas Herrera, Pablo Patricio"]
[Black "Torres Bravo, Cristobal Renato"]
[Result "1-0"]
[WhiteElo "2263"]
[BlackElo "2250"]

 1.e4 c5 2.Nf3 d6 3.d4 cxd4 4.Nxd4 Nf6 5.Nc3 Nc6 6.Bg5 e6 7.Qd2 a6 8.O-O-O Bd7 9.f3 Rc8 10.Kb1 h6 11.Be3 Be7 12.Nxc6 Bxc6 13.g4 d5 14.e5 Nd7 15.Bd4 Bc5 16.Bxc5 Nxc5 17.Qd4 Qb6 18.Bd3 Na4 19.Qxb6 Nxb6 20.Ne2 h5 21.h3 Ke7 22.g5 Nd7 23.f4 g6 24.Nd4 Rc7 25.Rhf1 Rhc8 26.Rde1 Nc5 27.Rf3 Bd7 28.Bf1 Be8 29.Bg2 Bd7 30.Rfe3 Bc6 31.Bf3 Nd7 32.Rg1 Nf8 33.b3 Rd8 34.Kb2 Be8 35.c3 b5 36.Be2 Rb8 37.Rd1 Bd7 38.h4 Rd8 39.Bf3 Be8 40.Ne2 Bc6 41.Rd4 Rcd7 42.Ng3 Rb8 43.Red3 Rbd8 44.Rd1 Rb8 45.Rh1 Rdd8 46.Rhd1 Rd7 47.Ka3 Rbd8 48.Ne2 Rc7 49.c4 bxc4 50.bxc4 Rcd7 51.Kb4 a5+ 52.Kc3 Rc8 53.Rb1 Rdc7 54.Nc1 Nd7 55.Be2 dxc4 56.Bd1 Nc5 57.Bc2 Ba4 58.Ne2 Bxc2 59.Kxc2 Nd3 60.a3 Rd8 61.Rxd8 Kxd8 62.Rb5 a4 63.Kc3 Nf2 64.Rb4 Ne4+ 65.Kd4 Nd2 66.Ke3 c3 67.Kd3 Nf3 68.Nxc3 Nxh4 69.Ne4 Nf5 70.Rxa4 h4 71.Rb4 h3 72.Rb2 Ra7 73.Ra2 Ra4 74.Nc5 Rxf4 75.a4 Rf3+ 76.Kc4 Ne3+ 77.Kb5 Nf1 78.a5 h2 79.a6 h1=Q 80.a7 Rf5 81.a8=Q+ Qxa8 82.Rxa8+ Ke7 83.Kc6 Rxg5 84.Nd7 Rf5 85.Nf6 Rxf6 86.Ra7+ Kf8 87.exf6 Kg8 88.Ra8+ Kh7 89.Rf8 g5 90.Kd7 Ne3 91.Rxf7+ Kg6 92.Kxe6 Nf5 93.Rd7

[Event "FINAL DE CHILE 2011"]
[Site "Club de Ajedrez "]
[Date "2011-02-25"]
[Round "9"]
[White "San Martín Basualto, Epiro"]
[Black "Vargas Maliqueo, Ivan Patricio"]
[Result "0-1"]
[WhiteElo "2106"]
[BlackElo "2164"]

 1.e4 c5 2.Nf3 d6 3.d4 cxd4 4.Nxd4 Nf6 5.Nc3 a6 6.f4 e5 7.Nf3 Nbd7 8.a4 Qc7 9.Bd3 Be7 10.O-O O-O 11.Kh1 Nc5 12.Qe1 Be6 13.f5 Nxd3 14.cxd3 Bd7 15.g4 Bc6 16.g5 Nh5 17.Rg1 g6 18.f6 Bd8 19.Rg4 Qd7 20.Rh4 Ba5 21.Bd2 Qe6 22.Qe2 Rfe8 23.Rg1 Bxc3 24.bxc3 d5 25.Rgg4 dxe4 26.dxe4 Qa2 27.Rxh5 gxh5 28.Rh4 Rad8 29.g6 fxg6 30.c4 Rf8 31.Rxh5 Qb1+ 32.Kg2 Qxe4

[Event "FINAL DE CHILE 2011"]
[Site "Club de Ajedrez "]
[Date "2011-02-25"]
[Round "9"]
[White "Valenzuela Gómez, Fernando"]
[Black "Carrasco Miranda, Andres"]
[Result "0-1"]
[WhiteElo "2086"]
[BlackElo "2221"]

 1.e4 c5 2.Nf3 Nc6 3.d4 cxd4 4.Nxd4 e5 5.Nb5 d6 6.N1c3 a6 7.Na3 b5 8.Nd5 Nce7 9.Bg5 h6 10.Bxb5+ axb5 11.Nxb5 Ra7 12.Ndc7+ Rxc7 13.Nxd6+ Qxd6 14.Qxd6 Rd7 15.Qxe5 hxg5 16.O-O Rh6 17.Rfd1 Re6 18.Qxg5 Rxe4 19.Re1 Nf6 20.Rxe4 Nxe4 21.Qe5 Bb7 22.a4 f6 23.Qb5 Nd5 24.Re1 Kd8 25.Qa5+ Nc7 26.b4 Bd6 27.f3 Ng5 28.Qb6 Kc8 29.c4 Be5 30.Kf1 Rd2 31.Re2 Rd6 32.Qe3 Nce6 33.c5 Rd1+ 34.Re1 Rd4 35.Qa3 Bd5 36.b5 Bxh2 37.Rc1 Bf4 38.Rc2 Bg3 39.Qc1 Rxa4 40.Qd2 Ra1+ 41.Rc1 Bf4 42.Qxd5 Rxc1+ 43.Kf2 Rc2+ 44.Kf1 Rxc5 45.Qa8+ Kc7 46.Qa7+ Kd6 47.b6 Kc6 48.Qa6 Rb5 49.b7+ Rb6 50.Qa8 Rxb7 51.Qc8+ Rc7 52.Qe8+ Kd6 53.Kf2 Rc2+ 54.Kf1 Rc7 55.Kf2 Be5 56.Kf1 Bd4 57.Qg6 Rc1+

[Event "FINAL DE CHILE 2011"]
[Site "Club de Ajedrez "]
[Date "2011-02-26"]
[Round "10"]
[White "Torres Bravo, Cristobal Renato"]
[Black "San Martín Basualto, Epiro"]
[Result "1-0"]
[WhiteElo "2250"]
[BlackElo "2106"]

 1.d4 d5 2.Nf3 Nc6 3.c4 Bg4 4.cxd5 Bxf3 5.dxc6 Bxc6 6.Nc3 Nf6 7.f3 e6 8.e4 Bb4 9.Be3 O-O 10.Qc2 Re8 11.g4 e5 12.O-O-O Qe7 13.h4 exd4 14.Bxd4 Rad8 15.Bc4 Bc5 16.Bxc5 Qxc5 17.Qb3 Rxd1+ 18.Rxd1 Rf8 19.Kb1 a6 20.g5 Nd7 21.Bd5 Ne5 22.f4 Ng6 23.f5 Ne5 24.h5 Bxd5 25.Rxd5 Qg1+ 26.Nd1 Ng4 27.g6 Nf6 28.gxf7+ Kh8 29.e5 Nxd5 30.Qxd5 Qg5 31.e6 h6 32.Qc5 Qd8 33.e7 Qxd1+ 34.Qc1 Qd3+ 35.Ka1

[Event "FINAL DE CHILE 2011"]
[Site "Club de Ajedrez "]
[Date "2011-02-26"]
[Round "10"]
[White "Valdés Escobar, Álvaro Daniel"]
[Black "Salinas Herrera, Pablo Patricio"]
[Result "1-0"]
[WhiteElo "2387"]
[BlackElo "2263"]

 1.Nf3 e6 2.c4 Nf6 3.Nc3 c5 4.d4 cxd4 5.Nxd4 a6 6.a3 Qc7 7.e4 Be7 8.Be2 b6 9.Be3 Bb7 10.f3 d6 11.Qd2 Nbd7 12.O-O O-O 13.Rac1 Rac8 14.b4 Qb8 15.Rc2 Bd8 16.Kh1 Bc7 17.Bg1 Kh8 18.Rb1 Rg8 19.Na4 Ba8 20.Qe1 Ne5 21.c5 b5 22.cxd6 Bxd6 23.Nc5 Bxc5 24.bxc5 Nfd7 25.Qc1 Qc7 26.a4 bxa4 27.Bxa6 Rb8 28.Bb5 Rgc8 29.c6 Nf6 30.Bxa4 Nd3 31.Qd1 Nb4 32.Rc4 Qd6 33.e5

[Event "FINAL DE CHILE 2011"]
[Site "Club de Ajedrez "]
[Date "2011-02-26"]
[Round "10"]
[White "López Silva, Hugo Andres"]
[Black "Mesias Rojas, Rabindranath"]
[Result "1-0"]
[WhiteElo "2398"]
[BlackElo "2237"]

 1.e4 c5 2.Nf3 Nf6 3.Nc3 d5 4.exd5 Nxd5 5.Bb5+ Bd7 6.Ne5 Bxb5 7.Qf3 f6 8.Qxd5 Qxd5 9.Nxd5 Na6 10.a4 Bd7 11.Nxd7 Kxd7 12.f4 Kc6 13.Ne3 Nb4 14.d3 e6 15.Bd2 Nd5 16.Nc4 Bd6 17.O-O Rhe8 18.Rae1 Re7 19.Re4 Rae8 20.Rfe1 b6 21.g3 a6 22.Kg2 Bc7 23.b3 e5 24.fxe5 Bxe5 25.Nxe5+ Rxe5 26.Rxe5 Rxe5 27.c4 Ne7 28.Rxe5 fxe5 29.Kf3 Kd6 30.b4 Ke6 31.bxc5 bxc5 32.Be3 Kd6 33.Ke4 g6 34.Bg5 Ng8 35.g4 h6 36.Bh4 Ke6 37.h3 g5 38.Bf2 Nf6+ 39.Kf3 Nd7 40.h4 Kf7 41.hxg5 hxg5 42.Ke4 Ke6 43.Be3 Nf6+ 44.Kf3 e4+ 45.dxe4 Ke5 46.Bc1 Nd7 47.Bxg5 Nb6 48.Bf4+ Ke6 49.Be3 Nxc4 50.Bxc5 Ke5 51.Bb4 Nb6 52.Bc3+ Ke6 53.a5 Nd7 54.Bd4 Nf8 55.Kf4 Ng6+ 56.Kg5 Kf7 57.Bf6 Nf8 58.Kf5 Ne6 59.g5 Nf8 60.e5 Kg8 61.e6 Nh7 62.g6

[Event "FINAL DE CHILE 2011"]
[Site "Club de Ajedrez "]
[Date "2011-02-27"]
[Round "11"]
[White "Salinas Herrera, Pablo Patricio"]
[Black "Egger Mancilla, Jorge Alejandro"]
[Result "0-1"]
[WhiteElo "2263"]
[BlackElo "2449"]

 1.e4 e6 2.d4 d5 3.Nc3 Bb4 4.e5 c5 5.a3 Bxc3+ 6.bxc3 Ne7 7.Qg4 O-O 8.Bd3 Nbc6 9.Qh5 Ng6 10.Nf3 Qc7 11.Be3 c4 12.Bxg6 fxg6 13.Qg4 Qf7 14.Ng5 Qe8 15.h4 h6 16.Nh3 Bd7 17.h5 gxh5 18.Qe2 Qg6 19.O-O-O Be8 20.Rdg1 Qg4 21.Qd2 Ne7 22.f3 Qf5 23.Nf4 Qf7 24.Nxh5 Nf5 25.Bf4 Qe7 26.g4 Nh4 27.Nf6+ Rxf6 28.exf6 Qxa3+ 29.Kd1 Nxf3 30.Qe3 Qa1+ 31.Ke2 Nxg1+ 32.Rxg1 Qb2 33.Rc1 gxf6 34.Qxe6+ Bf7 35.Qxf6 Qb6 36.Qh4 Re8+ 37.Kd2 Qg6 38.Rh1 Qe4 39.Qxh6 Bg6  40.Qh8+ Kf7

[Event "FINAL DE CHILE 2011"]
[Site "Club de Ajedrez "]
[Date "2011-02-27"]
[Round "11"]
[White "Valenzuela Gómez, Fernando"]
[Black "Torres Bravo, Cristobal Renato"]
[Result "0-1"]
[WhiteElo "2086"]
[BlackElo "2250"]

 1.Nf3 Nf6 2.c4 c5 3.g3 g6 4.Bg2 Bg7 5.O-O O-O 6.Nc3 d6 7.a3 Nc6 8.Rb1 Rb8 9.b4 b6 10.d3 Bb7 11.Bd2 Nd4 12.Nxd4 cxd4 13.Nb5 d5 14.Bf4 dxc4 15.dxc4 Bxg2 16.Kxg2 Rc8 17.Qd3 Qd7 18.Nxd4 Nh5 19.Be3 Rfd8 20.Nf3 Qa4 21.Qe4 Nf6 22.Qh4 Qc2 23.c5 Nd5 24.Bh6 Bf6 25.Bg5 bxc5 26.Bxf6 exf6 27.Rfe1 cxb4 28.e4 Ne3+ 29.Rxe3 Qxb1 30.Qxf6 bxa3 31.Ne5 Rf8 32.Ng4 h5 33.Nh6+ Kh7 34.Nf5 Qb2 35.e5 Qb7+ 36.Kh3 Rg8 37.Ne7 a2 38.Ra3 Qd7+ 39.Kg2 Rce8 40.Nxg8 Kxg8 41.Qa6 Qd5+ 42.Kh3 Rxe5 43.Rxa2 g5 44.Qc8+ Kg7 45.Qc7 g4+ 46.Kh4 Qe6 47.Ra6 Qxa6